The relational ontology of resistance: Hybridity, ventriloquism, and materiality in the production of bike commuting as resistance (Record no. 512557)

000 -LEADER
fixed length control field 01869nam a2200169 4500
008 - FIXED-LENGTH DATA ELEMENTS--GENERAL INFORMATION
fixed length control field 191129b ||||| |||| 00| 0 eng d
100 ## - MAIN ENTRY--PERSONAL NAME
Personal name Wilhoit, Elizabeth D.
245 ## - TITLE STATEMENT
Title The relational ontology of resistance: Hybridity, ventriloquism, and materiality in the production of bike commuting as resistance
260 ## - PUBLICATION, DISTRIBUTION, ETC. (IMPRINT)
Name of publisher, distributor, etc Organization
300 ## - PHYSICAL DESCRIPTION
Extent 26(6), Nov, 2019: p.873-893.
520 ## - SUMMARY, ETC.
Summary, etc Many studies of organizational resistance have focused on a knowing agent who intends to challenge power. In contrast, we suggest that resistance is the product of many agents of varying ontological statuses acting together. Using a study of bicycle commuting in the American Midwest (an activity that takes place at the edges of organizations), actor-network theory, and Cooren’s theory of ventriloquism, we demonstrate that resistance has a relational ontology. We show that bike commuters do not intend to resist through biking to work, decentering human action and intention in resistance. We then highlight three aspects of a relational understanding of resistance. First, bike commuting (and other resistive activity) is produced by a plenum of agencies of all ontological statuses, making resistance a hybrid activity, not limited to human agents. Second, activities of resistance and control come to have these meanings through their relationship with one another. Third, actions that come to mean resistance and control are put into conversation with each other to gain these meanings through ventriloquism. Through these arguments, we expand what can count as resistance, how resistance is produced, and who produces it, demonstrating that resistance is a relational production. _ Reproduced.
650 ## - SUBJECT ADDED ENTRY--TOPICAL TERM
Topical term or geographic name as entry element Ontology
9 (RLIN) 14023
700 ## - ADDED ENTRY--PERSONAL NAME
Personal name Kisselburgh, Lorraine G.
9 (RLIN) 14024
773 ## - HOST ITEM ENTRY
Main entry heading Organization
906 ## - LOCAL DATA ELEMENT F, LDF (RLIN)
Subject DIP Resistance to change
942 ## - ADDED ENTRY ELEMENTS (KOHA)
Source of classification or shelving scheme
Item type Articles
Holdings
Withdrawn status Lost status Source of classification or shelving scheme Damaged status Not for loan Permanent location Current location Date acquired Serial Enumeration / chronology Barcode Date last seen Koha item type
          Indian Institute of Public Administration Indian Institute of Public Administration 2019-11-29 26(6), Nov, 2019: p.873-893. AR121909 2019-11-29 Articles

Powered by Koha